000 00332nam a2200133Ia 4500
008 100328s9999 xx 000 0 und d
082 _b37275
100 _aकुरळे श्याम
245 _aफिरकी
260 _bप्रचार
630 _aफिरकी
730 _aफिरकी
942 _cBOOK
999 _c526737
_d526734